|
|
|
|
| LEADER |
00000nam a2200000 a 4500 |
| 001 |
vtls001472752 |
| 003 |
SK-MaSNL |
| 005 |
20260331204014.0 |
| 008 |
240226s2004 xo a r 000 0bslo |
| 015 |
|
|
|a SNBE2004/02-00726
|
| 035 |
|
|
|a SNK000428054
|
| 035 |
|
|
|a urn:nbn:sk:snk-amjdmx
|
| 035 |
|
|
|a urn:nbn:sk:snk-am003eis
|
| 035 |
|
|
|a 3EBDC8A3-8284-4F6B-9DB4-BA93D1152075
|
| 040 |
|
|
|a SNK
|b slo
|c SNK
|e AACR2
|
| 041 |
0 |
|
|a slo
|
| 044 |
|
|
|a xo
|c SK
|
| 072 |
|
7 |
|a 821.162.4
|2 konspekt
|
| 080 |
|
|
|a 82:929:821.162.4(041)(085.5)
|2 1981
|
| 080 |
|
|
|a 821.162.4
|2 1981
|
| 080 |
|
|
|a 929 Saniga, Miroslav
|2 1981
|
| 100 |
1 |
|
|a Unzeitigová, Zuzana,
|d 1969-
|4 com
|9 229701
|
| 245 |
1 |
0 |
|a Miroslav Saniga
|b bibliografický leták
|c zostavila: Zuzana Unzeitigová ; zodp. red.: Jana Strašková
|
| 250 |
|
|
|a [1. vyd.]
|
| 260 |
|
|
|a Hontiansko-novohradská knižnica A. H. Škultétyho
|c 2004
|
| 300 |
|
|
|a 1 zložený list ([6] s.)
|b obr.
|c 21 cm
|
| 500 |
|
|
|a 50 výt.
|
| 504 |
|
|
|a Biogr. údaje
|
| 600 |
1 |
7 |
|a Saniga, Miroslav,
|d 1964-
|2 SNKMA
|9 103655
|
| 655 |
|
7 |
|a prospekty
|2 SNK
|9 62175
|
| 655 |
|
7 |
|a bibliografické letáky
|2 SNKPH
|9 74589
|
| 700 |
1 |
|
|a Strašková, Jana
|4 lso
|9 327536
|
| 710 |
0 |
|
|a Hontiansko-novohradská knižnica A. H. Škultétyho Veľký Krtíš
|4 pbl
|9 33805
|
| 958 |
|
|
|a BX
|
| 999 |
|
|
|c 870713
|d 872643
|
| 952 |
|
|
|t P60, <03>, [BOOK], {603}
|a SNK
|b SNK
|y PREZ
|7 0
|p 17A0424478
|o snkOSC 22548
|i snkKSP 5086/2004
|0 0
|1 0
|4 0
|d 2004-04-07
|f 1
|l 0
|r 2005-01-02 00:00:00
|w 2026-02-24
|